000 00612nam a2200169 a 4500
003 AM-YeHGA
005 20250618075546.0
008 111201s1947 r 000 0 rus d
040 _aAM-YeHGA
041 0 _arus
100 1 _aОстровский, Александр Николаевич,
_d1823-1886
245 1 0 _aЛес :
_bКомедия в пяти действиях /
_cА.Н. Островский.
260 _aМосква ;
_aЛенинград :
_bОГИЗ. Гослитиздат,
_c1947.
300 _a94 с.
650 1 4 _aХудожественная литература
_94918
090 _c477320
999 _c474042
_d474042